00365nam a2200121Ia 45000010005000000080041000050820021000461000065000672450047001322600021001799010028002009990015002281833241024s9999 xx 000 0 und d aRD/780.9/R426c/6 aRepública Dominicana.Secretaría de Estado de Educación 0aCuaderno de Arte No.6. Educación Musical bEd. Tallerc1997 a29/9/2011 12:10:30 p.m. c7945d7945